Catástrofes de Chile: álbum de prensa de antaño
Uloženo v:
| Hlavní autor: | |
|---|---|
| Médium: | Kniha |
| Jazyk: | španělština |
| Vydáno: |
Santiago
Ril Editores
2012
|
| Vydání: | 1a. ed |
| Témata: | |
| Tagy: |
Přidat tag
Žádné tagy, Buďte první, kdo vytvoří štítek k tomuto záznamu!
|
MARC
| LEADER | 00000cam a2200000 a 4500 | ||
|---|---|---|---|
| 001 | UCF4344 | ||
| 003 | CL-VaPUC | ||
| 008 | 121130e20120500CL |||||||||||||||||spa|d | ||
| 020 | |a 9789562848688 | ||
| 082 | 0 | 4 | |a 983.03 |b LAN |2 21 |
| 100 | |a Lanza Lazcano, Carlos |e author |9 324568 | ||
| 245 | 1 | 0 | |a Catástrofes de Chile: álbum de prensa de antaño |
| 250 | |a 1a. ed | ||
| 300 | |a 234 p | ||
| 942 | |c BK | ||
| 945 | |d 20121130 00:00:00 |a dcastane | ||
| 260 | |a Santiago |b Ril Editores |c 2012 | ||
| 650 | 7 | |a HISTORIA DE CHILE - SIGLOS 16-18 |2 CL-VaPUC |9 420732 | |
| 650 | 0 | |a Catástrofes naturales |9 268107 | |
| 650 | 0 | |a Terremotos |9 267728 | |
| 583 | |a last modification |c 20121130 23:21:00 |k Rodrigo Vera | ||
| 999 | |c 350151 |d 350149 | ||
| 952 | |0 0 |1 0 |4 0 |6 983_030000000000000_LAN_2012 |7 0 |8 X |9 453348 |a FDOBUD |b FDOBUD |d 2019-11-22 |i 4930428 |o 983.03 LAN 2012 |p 4930428 |r 2019-11-22 |w 2019-11-22 |y BK_X |k BUD | ||